Ευρετήριο άρθρων : 1990-91

Saved in:
Bibliographic Details
Corporate Author: Υπουργείο Εθνικής Παιδείας και Θρησκευμάτων Παιδαγωγικό Ινστιτούτο Τμήμα Ερευνών Τεκμηρίωσης και Εκπαιδευτικής Τεχνολογίας
Format: Book
Language:Greek
Published: Αθήνα : Κέντρο Τεκμηρίωσης και Πληροφόρησης για την Επαγγελματική Εκπαίδευση και Κατάρτιση, [χ.χ.]
Subjects:
Tags: Add Tag
No Tags, Be the first to tag this record!

MARC

LEADER 00000cam a2200000 i 4500
001 1/60714
008 020409s gre d
035 |l 10000730 
040 |a GR-MY-UA  |b gre  |e aacr 
041 0 |a gre 
082 0 |a 370.025 
110 2 |a Υπουργείο Εθνικής Παιδείας και Θρησκευμάτων  |b Παιδαγωγικό Ινστιτούτο  |b Τμήμα Ερευνών Τεκμηρίωσης και Εκπαιδευτικής Τεχνολογίας. 
245 1 0 |a Ευρετήριο άρθρων :  |b 1990-91 /  |c Υπουργείο Εθνικής Παιδείας και Θρησκευμάτων. Παιδαγωγικό Ινστιτούτο. Τμήμα Ερευνών, Τεκμηρίωσης και Εκπαιδευτικής Τεχνολογίας 
260 |a Αθήνα :   |b Κέντρο Τεκμηρίωσης και Πληροφόρησης για την Επαγγελματική Εκπαίδευση και Κατάρτιση,   |c [χ.χ.] 
300 |a 48 σ. 
650 0 0 |a Education  |x Indexes. 
650 0 0 |a Education  |x Bibliography. 
852 |a INST  |b CHIOS  |e 20020409  |h 370.025 ΥΠΟ  |p 005200020597  |q 005200020597  |t BK  |y 0 
901 |a BIBL2-2002-1 
909 |a Χ  |b 022589 
970 |a ΣΑΛΑΜΟΥΡΑ  |b ΜΑΡΙΑ  |z 2002/04/09